[Event "Oberliga Sued W 0607"]
[Site "Germany"]
[Date "2006.12.10"]
[Round "4.7"]
[White "Biegler, Helmut"]
[Black "Drizovskiy, Alexander"]
[Result "0-1"]
[WhiteElo "2099"]
[BlackElo "2106"]
[PlyCount "144"]
[EventDate "2006.10.15"]
[EventType "team-tourn"]
[EventRounds "9"]
[EventCountry "GER"]
[SourceTitle "EXT 2009"]
[Source "ChessBase"]
[SourceDate "2008.11.26"]
[SourceVersion "1"]
[SourceVersionDate "2008.11.26"]
[SourceQuality "1"]
[WhiteTeam "Illingen"]
[BlackTeam "Kaiserslautern Mehlingen"]
[WhiteTeamCountry "GER"]
[BlackTeamCountry "GER"]

1. g3 d5 2. Bg2 g6 3. d3 Bg7 4. Nc3 c6 5. Bd2 Nf6 6. e4 dxe4 7. dxe4 0-0 8. Qe2 Qb6 9. 0-0-0 Qa6 10. Qxa6 Nxa6 11. h3 Nc7 12. f4 e5 13. Nge2 exf4 14. gxf4 Be6 15. b3 Rfd8 16. Be3 b6 17. f5 gxf5 18. exf5 Bd5 19. Nxd5 Ncxd5 20. Bd2 Rac8 21. c4 Ne7 22. Ng3 c5 23. Bf4 Re8 24. Bb7 Rcd8 25. Rxd8 Rxd8 26. Rd1 Rxd1+ 27. Kxd1 Ne8 28. Bb8 a5 29. Ke2 Bc3 30. Kf3 Be1 31. Be4 Nf6 32. Be5 Nd7 33. Bc7 Bc3 34. f6 Bxf6 35. Nf5 Nxf5 36. Bxf5 Be5 37. Bxe5 Nxe5+ 38. Ke4 Ng6 39. Bd7 Kf8 40. Kd5 Ke7 41. Bf5 Kf6 42. Bc2 h5 43. Kc6 Nf4 44. Kxb6 Nxh3 45. Kxc5 Ke5 46. Kb6 Nf4 47. Bd1 Ke4 48. c5 h4 49. Bc2+ Ke5 50. Bd1 Ke4 51. Bc2+ Ke3 52. Bf5 h3 53. Bxh3 Nxh3 54. c6 Nf4 55. Kxa5 Nd5 56. b4 Kd4 57. a4 f5 58. b5 Kc5 59. Ka6 f4 60. Kb7 f3 61. b6 f2 62. a5 f1Q 63. c7 Nxc7 64. bxc7 Qf3+ 65. Kb8 Qf4 66. Kb7 Qb4+ 67. Ka8 Qxa5+ 68. Kb7 Qb6+ 69. Ka8 Qc6+ 70. Kb8 Kb6 71. c8Q Qd6+ 72. Ka8 Qa3+ 0-1

[Event "RLP-ch MTB 24th"]
[Site "Kaiserslautern"]
[Date "2005.??.??"]
[Round "6"]
[White "Oliva, Jan"]
[Black "Drizovskiy, Alexander"]
[Result "1/2-1/2"]
[WhiteElo "1790"]
[BlackElo "2140"]
[PlyCount "74"]
[EventDate "2005.??.??"]
[EventType "swiss"]
[EventRounds "7"]
[EventCountry "GER"]
[SourceTitle "EXT 2009"]
[Source "ChessBase"]
[SourceDate "2008.11.26"]
[SourceVersion "1"]
[SourceVersionDate "2008.11.26"]
[SourceQuality "1"]

1. Nf3 g6 2. c4 Bg7 3. g3 Nf6 4. Bg2 0-0 5. 0-0 c6 6. d4 d6 7. Nc3 Nbd7 8. b3 c5 9. Bb2 cxd4 10. Nxd4 Nc5 11. e4 Rb8 12. Re1 Ne6 13. Nxe6 Bxe6 14. Qd2 a6 15. Nd5 Bxd5 16. exd5 b5 17. cxb5 Rxb5 18. Bxf6 Bxf6 19. Rac1 Rc5 20. Re4 Qb6 21. Rec4 Rfc8 22. Qe2 Bd4 23. Rxc5 Rxc5 24. Rxc5 Bxc5 25. Kf1 Qa5 26. Qc2 Qb4 27. Qe2 Qd4 28. Kg1 Kg7 29. Bf1 a5 30. Qf3 e5 31. dxe6 fxe6 32. a4 g5 33. Bh3 Qe5 34. Bg4 d5 35. Kg2 d4 36. Qc6 Qd5+ 37. Qxd5 exd5 1/2-1/2